| 000 | 00000nas##2200000za#4500 |
| 001 | 9.510189 |
| 003 | CaOODSP |
| 005 | 20210305164240 |
| 007 | ta |
| 008 | 150406c1994||||xxc|| p #||||f| |0fre|d |
| 022 | |a1200-0531 |
| 040 | |aCaOODSP|bfre |
| 041 | |aeng |
| 041 | |afre |
| 043 | |an-cn--- |
| 086 | 1 |aXC35-351/1 |
| 110 | 1 |aCanada.|bChambre des communes. |bComité permanent des affaires autochtones et du développement du Grand Nord. |
| 245 | 10|aComité permanent des affaires autochtones et du développement du grand nord, procès-verbaux et témoignages / |cPrésident: M. Gordon Kirkby. |
| 260 | |bChambre des communes. |
| 310 | |aIrrégulier |
| 362 | 1 |a1re session, 35e législature, 42-44 Élizabeth II, 1994-1995 |
| 546 | |aBilingue |
| 791 | |tStanding Committee on Aboriginal Affairs and Northern Development, minutes of proceedings and evidence / |eeng|w(CaOODSP)9.510188 |